00706nas a2200229Ia 4500001001600000003001000016008004100026040002500067041001300092100002000105210001700125222001700142245004300159250001100202260000900213501012300222300001600345362003000361500004100391650003300432700001100465A09/R111-39602 IT-MiCISF161014c99999999xx |||||||||||| ||und|| aIT-MiCISFcIT-MiCISF aITALIANO aSantolini Luisa aLa società aLa società 0aPolitiche familiari e società civile a1a ed. c2004 bCISF - Centro Internazionale Studi Famiglia - Via Giotto, 36 20145 MILANO (non commercial uses only)cCopyright 2016 app. 255-274 an. 2, marzo-aprile [2004] a Tema: politica-familiare, società apolitica familiarevarticolo aAA.VV.